Spartacus and his glorious gladiators / (Record no. 5628)

MARC details
000 -LEADER
fixed length control field 00963nam a22002417a 4500
001 - CONTROL NUMBER
control field 5628
003 - CONTROL NUMBER IDENTIFIER
control field FISKH
005 - DATE AND TIME OF LATEST TRANSACTION
control field 20250108094012.0
008 - FIXED-LENGTH DATA ELEMENTS--GENERAL INFORMATION
fixed length control field 250108b cb ||||| |||| 00| 0 eng d
020 ## - INTERNATIONAL STANDARD BOOK NUMBER
International Standard Book Number 9781407111957
040 ## - CATALOGING SOURCE
Original cataloging agency FISKH
Language of cataloging eng
Transcribing agency FISKH
Modifying agency FISKH
082 ## - DEWEY DECIMAL CLASSIFICATION NUMBER
Classification number 809
100 ## - MAIN ENTRY--PERSONAL NAME
Personal name Brown, Toby
245 ## - TITLE STATEMENT
Title Spartacus and his glorious gladiators /
Statement of responsibility, etc. by Toby Brown
260 ## - PUBLICATION, DISTRIBUTION, ETC.
Place of publication, distribution, etc. New York :
Name of publisher, distributor, etc. Scholastic ;
Date of publication, distribution, etc. 2004.
300 ## - PHYSICAL DESCRIPTION
Extent 175 pages :
Other physical details illustrations ;
Dimensions 21 cm .
490 ## - SERIES STATEMENT
Series statement Horribly Famous
520 ## - SUMMARY, ETC.
Summary, etc. You've probably heard of Spartacus... He is dead famous for: being quite a good gladiator; giving the Romans the run-around; and, looking an awful lot like Kirk Douglas. But have you heard that Spartacus: fought for the Romans as well as against them. This title presents the inside story in Spartacus' secret diary.
650 ## - SUBJECT ADDED ENTRY--TOPICAL TERM
Topical term or geographic name entry element Spartacus
Form subdivision fiction
700 ## - ADDED ENTRY--PERSONAL NAME
Personal name Goddard, Clive
Relator term illustrator
942 ## - ADDED ENTRY ELEMENTS (KOHA)
Source of classification or shelving scheme Dewey Decimal Classification
Koha item type Books
Suppress in OPAC No
Holdings
Withdrawn status Lost status Source of classification or shelving scheme Damaged status Not for loan Collection Home library Current library Shelving location Date acquired Total Checkouts Full call number Barcode Date last seen Price effective from Koha item type
    Dewey Decimal Classification     Fiction Footprints International School Library Network Toul Kork Campus Footprints International School Library Network Toul Kork Campus TTP Secondary Fiction Bookshelves 01/08/2025   BRO 809 FISSE00059 01/08/2025 01/08/2025 Books